Criminal Law/ (Record no. 167370)

MARC details
000 -LEADER
fixed length control field 00668nam a22002057a 4500
005 - DATE AND TIME OF LATEST TRANSACTION
control field 20190829154459.0
010 ## - LCCN (DPL NO)
LC control number ENG-126364
020 ## - INTERNATIONAL STANDARD BOOK NUMBER
Terms of availability 995.00
International Standard Book Number 978-93-8854-839-7
035 ## - SYSTEM CONTROL NUMBER
System control number EN-109896
037 ## - SOURCE OF ACQUISITION
Source of stock number/acquisition DBAD/PUB
082 ## - DEWEY DECIMAL CLASSIFICATION NUMBER
Classification number 345
100 ## - MAIN ENTRY--PERSONAL NAME
Personal name Pillai's P S A
245 ## - TITLE STATEMENT
Title Criminal Law/
Statement of responsibility, etc by P S A Pillai's
250 ## - EDITION STATEMENT
Edition statement Edition-14th
260 ## - PUBLICATION, DISTRIBUTION, ETC. (IMPRINT)
Name of publisher, distributor, etc Published By LexisNexis
Date of publication, distribution, etc 2019
Place of publication, distribution, etc Gurgaon
270 ## - ADDRESS
Address 14th Floor,Bulding No.10, Tower-B,DLF Cyber City, Phase-ll,
City Gurgaon
Postal code 122002
Telephone number 011-1244774444
Electronic mail address help.in@lexisnexis.com
Fax number 011-1244774100
300 ## - PHYSICAL DESCRIPTION
Extent xlix1133p.
Dimensions 24cm(pbk)
700 ## - ADDED ENTRY--PERSONAL NAME
Personal name Ed. by Vibhute,K I
942 ## - ADDED ENTRY ELEMENTS (KOHA)
Source of classification or shelving scheme Dewey Decimal Classification
Item type English Books
Classification part 345
Call number suffix CRI
Holdings
Withdrawn status Lost status Not for loan Collection code Home library Current library Date acquired Source of acquisition Cost, normal purchase price Full call number Barcode Copy number Cost, replacement price Koha item type
      Non-fiction Ashok Vihar Ashok Vihar 29/08/2019 DBAD/PUB 995.00 345 VIB EN-109896 1 995.00 English Books

© Delhi Public Library
Hit Counter
free hit counter